000 00967nam a2200289 i 4500
001 000049227
003 DO-SdBNP
005 20250311101513.0
007 ta
008 190730s2017 dr r 000 0 spa d
020 _a9789945468601
040 _aDO-SdBNP
_bspa
_cBNPHU
_erda
082 4 _axxxx
_bB369a
_222
100 1 _aBeato Alba, Niurka,
_eautor
_4aut.
_976530
245 1 0 _aApuntes sobre el comercio internacional y aduanas /
_cNiurka Beato Alba ; prólogo, Luisa Astacio
250 _aprimera esición
264 _aSanto Domingo :
_bEditora Alfa y Omega,
_c2017.
300 _a409 páginas ;
_c24 cm.
336 _atexto
_btxt
_2rdacontent
337 _asin meddiación
_bn
_2rdamedia
338 _avolumen
_bnc
_2rdacarrier
500 _aIncluye datos biográficos de la autora en las solapas
504 _aBibliografía : páginas 407-409
590 _aInventariado, 2019/BT
700 1 _aAstacio, Luisa,
_eprologuista
_4pr.
_976531
942 _2ddc
_cLBS1
999 _c48715
_d48715